| 000 | 01194cam a22003615a 4500 | ||
|---|---|---|---|
| 999 |
_c19812 _d19784 |
||
| 001 | 016809420 | ||
| 003 | EG-ScBUE | ||
| 005 | 20200203115102.0 | ||
| 008 | 140804s2015 enka f bd 001 0 eng d | ||
| 020 | _a9781292059983 (paperback) | ||
| 020 | _a1292059982 | ||
| 040 |
_aUk _beng _erda _cUk _dEG-ScBUE |
||
| 082 | 0 | 4 |
_a808.51 _bOSB _222 |
| 100 | 1 |
_aOsborn, Michael, _d1937- _eauthor. |
|
| 245 | 1 | 0 |
_aPublic speaking : _bfinding your voice / _cOsborn, Michael, University of Memphis [and three others] |
| 250 | _aTenth edition. | ||
| 250 | _aGlobal edition. | ||
| 264 | 1 |
_aHarlow, England : _bPearson Education Limited, _c2015. |
|
| 300 |
_a476 pages : _billustrations ; _c28 cm |
||
| 336 |
_2rdacontent _atext _btxt |
||
| 337 |
_2rdamedia _aunmediated _bn |
||
| 338 |
_2rdacarrier _avolume _bnc |
||
| 500 | _aIncludes glossary. | ||
| 504 | _aIncludes bibliographical references and index. | ||
| 650 | 7 |
_aPublic speaking. _2BUEsh |
|
| 651 | _2BUEsh | ||
| 653 |
_bCOMAME _cJune2015 _cSeptember2015 |
||
| 655 | _vReading book | ||
| 700 | 1 |
_aOsborn, Suzanne, _eauthor. |
|
| 700 | 1 |
_aOsborn, Randall, _eauthor. |
|
| 700 | 1 |
_aTurner, Kathleen J, _d1952- _eauthor. |
|
| 942 |
_2ddc _cBB |
||